Distritos de Colombia - Estadísticas

Estadísticas generales
  • Esta prueba ha sido intentada 12 veces
  • La puntuación promedio es 7 de 12
Estadísticas de respuestas
Creación Denominación Municipio % Correcto
1954 Distrito Capital Bogotá
100%
1991 Distrito Turístico y Cultural Cartagena de Indias
100%
2021 Distrito Especial de Ciencia, Tecnología e Innovación Medellín
90%
1993 Distrito Especial, Industrial y Portuario Barranquilla
70%
2018 Distrito Especial, Deportivo, Cultural, Turístico, Empresarial y de Servicios Santiago de Cali
70%
1991 Distrito Turístico, Cultural e Histórico Santa Marta
60%
2007 Distrito Especial, Industrial, Portuario, Biodiverso y Ecoturístico Buenaventura
50%
2015 Distrito Especial, Turístico y Cultural Riohacha
50%
2019 Distrito Especial, Portuario, Biodiverso, Industrial y Turístico Barrancabermeja
20%
2018 Distrito Especial, Industrial, Portuario, Biodiverso y Ecoturístico San Andrés de Tumaco
20%
2017 Distrito Especial, Turístico, Histórico y Cultural Santa Cruz de Mompox
10%
2018 Distrito Especial, Portuario, Logístico, Industrial, Turístico y Comercial Turbo
10%
No se encontraron pruebas coincidentes
Distribución de puntuación
Porcentaje de gente con cada puntuación
Porcentaje por número respondido
Historial de tus puntuaciones
No has intentado esta prueba.